| 000 | 00966cam a22002897a 4500 | ||
|---|---|---|---|
| 003 | CHAP | ||
| 005 | 20220329141641.0 | ||
| 008 | 971013s1978 r 00010 d | ||
| 010 | _a71685 | ||
| 011 | _a72657 | ||
| 035 | _a82213 | ||
| 040 | _cCHAP | ||
| 090 | _aFolleto 4905 | ||
| 100 | 0 | 0 |
_aAguilar Salazar, Eudaldo. _92843 |
| 245 | 0 | _aGuía para el extensionismo agropecuario, forestal y social en áreas forestales | |
| 260 |
_a(Chapingo, Méx.) : _bDirección General de Producción y Extensión Agrícola, _c(1978) |
||
| 300 |
_a44 p. _b; gráfs. ; mapa |
||
| 590 |
_aBATCH-UPD _b10 _c20130110 _lUCH01 _h0825 |
||
| 590 |
_aBATCH-UPD _b10 _c20130410 _lUCH01 _h0502 |
||
| 590 |
_aBATCH-UPD _b10 _c20130914 _lUCH01 _h1338 |
||
| 590 |
_aCONVERSION _b10 _c20130109 _lUCH01 _h1339 |
||
| 650 | 1 | 4 |
_aExtensión agrícola. _939144 |
| 650 | 1 | 4 |
_aExtensión ganadera. _939201 |
| 901 | _aBK | ||
| 942 | _cFOLL | ||
| 949 |
_aFolleto 4905 _bBC _cFOLL _d-36127 _eTS1 _i82213 _mD. _si |
||
| 999 |
_c71685 _d71685 |
||